FC Bayern München Squad 23/24 - Statistics

General Stats
  • This quiz has been taken 119 times
  • The average score is 19 of 27
Answer Stats
Kit No. Player % Correct
1 (C) Manuel Neuer 🇩🇪
100%
9 Harry Kane 🏴󠁧󠁢󠁥󠁮󠁧󠁿
98%
3 Min-jae Kim 🇰🇷
98%
6 Joshua Kimmich 🇩🇪
95%
19 Alphonso Davies 🇨🇦
94%
2 Dayot Upamecano 🇫🇷
93%
10 Leroy Sané 🇩🇪
92%
4 Matthijs de Ligt 🇳🇱
92%
7 Serge Gnabry 🇩🇪
92%
11 Kingsley Coman 🇫🇷
88%
8 Leon Goretzka 🇩🇪
88%
42 Jamal Musiala 🇩🇪
82%
25 Thomas Müller 🇩🇪
76%
39 Mathys Tel 🇫🇷
71%
27 Konrad Laimer 🇦🇹
67%
13 Eric-Maxim Choupo-Moting 🇨🇲
65%
15 Eric Dier 🏴󠁧󠁢󠁥󠁮󠁧󠁿
59%
40 Noussair Mazraoui 🇲🇦
58%
22 Raphaël Guerreiro 🇵🇹
58%
26 Sven Ulreich 🇩🇪
55%
45 Aleksandar Pavlović 🇩🇪
53%
20 Bouna Sarr 🇸🇳
46%
18 Daniel Peretz 🇮🇱
46%
17 Bryan Zaragoza 🇪🇸
36%
23 Sacha Boey 🇫🇷
30%
28 Tarek Buchmann 🇩🇪
14%
43 Tom Hülsmann 🇩🇪
8%
No matching quizzes found
Score Distribution
Percent of People with Each Score
Percentile by Number Answered
Your Score History
You have not taken this quiz